MARC
| LEADER | 00000cam a2200000 7i4500 | ||
|---|---|---|---|
| 001 | 0000000774 | ||
| 005 | 20030904093000.0 | ||
| 008 | 021118s1994 | ||
| 020 | |a 058224479X | ||
| 090 | 0 | 0 | |a HF1008 |b .H2 1994 |
| 100 | 0 | |a Hammond, Susan , |e author | |
| 245 | 0 | 0 | |a Business studies |c Susan Hammond |
| 250 | |a 3rd ed | ||
| 260 | 2 | |a Harlow, England : |b Longman , |c 1994 | |
| 300 | |a ii, 476 p. : |b ill. ; |c 26 cm. | ||
| 504 | |a Includes index | ||
| 650 | 0 | |a Business | |
| 999 | |a 1000083720 |b Book |c OPEN SHELF (30 DAYS) |e Gong Badak Campus | ||